00446nam a2200157Ia 4500008004100000020001800041082001800059100002000077245003700097250000700134260004600141300003100187500001900218600002700237650002400264240925s9999 xx 000 0 und d a9780199064380 a954.91053 LOD aNot - Available 0aPakistan Beyond the Crisis State aNA aKarachi:bOxford University Pressc,2011. aVarious pagesb0fOriginal aIncludes Index aEngineering Technology aHistory & geography